Ekonomické zdôvodnenie využívania údržby a technickej diagnostiky
Hlavné ciele preventívnej údržby stroja a príčiny, pre ktoré dochádza k nežiadúcim technickým stavom a poruchám stroja. Zabránenie zhoršeniu spoľahlivosti objektu a udržanie životnosti stroja.
Saved in:
| Main Author: | |
|---|---|
| Format: | Book Chapter |
| Language: | Slovak |
| Subjects: | |
| Tags: |
No Tags, Be the first to tag this record!
|
MARC
| LEADER | 00000naa a2200000 4500 | ||
|---|---|---|---|
| 001 | 0217092 | ||
| 005 | 20240502073617.7 | ||
| 041 | 0 | |a slo | |
| 044 | |a SK | ||
| 245 | 1 | 0 | |a Ekonomické zdôvodnenie využívania údržby a technickej diagnostiky |c Naqibullah Daneshjo |
| 520 | |a Hlavné ciele preventívnej údržby stroja a príčiny, pre ktoré dochádza k nežiadúcim technickým stavom a poruchám stroja. Zabránenie zhoršeniu spoľahlivosti objektu a udržanie životnosti stroja. | ||
| 610 | 2 | 0 | |a životnosť strojov |
| 610 | 2 | 0 | |a základňa technická |
| 610 | 2 | 0 | |a využitie materiálu |
| 610 | 2 | 0 | |a údržba bežná |
| 610 | 2 | 0 | |a náklady prevádzkové |
| 610 | 2 | 0 | |a analýza regresná |
| 100 | 1 | |a Daneshjo, Naqibullah, 1964- | |